O Tesouro do Cemitério (Registo nº 201186)
[ vista simples ]
| 000 -Etiqueta do registo | |
|---|---|
| Valores | 00940nam 22002653 4500 |
| 010 ## - Número ISBN | |
| ISBN | 978-989-657-088-0 |
| 021 ## - Número do Depósito Legal | |
| Código do país | Portugal |
| Número | 310 078/10 |
| 100 ## - Dados gerais de processamento | |
| Dados gerais | 20260312d u||y0pory50 ba |
| 101 ## - Língua de publicação | |
| Língua | Português |
| 200 ## - Titulo e menção de responsabilidade | |
| Título próprio | O Tesouro do Cemitério |
| Primeira menção de responsabilidade | Roberto Pavanello |
| Outras menções de responsabilidade | Desenhos de Blasco Pisapia ; Projecto gráfico de Laura Zuccotti ; Tradução de Ana Maria Pinto da Silva ; Revisão de Eulália Pyrrait |
| 205 ## - Menção da edição | |
| Edição | 1ª |
| 210 ## - Publicação | |
| Local de publicação | Lisboa |
| Nome do editor | Planeta Júnior |
| Data de publicação | 2010 |
| 215 ## - Descrição física | |
| Paginação / Volumes | 118, [10] p. : il. |
| Outras indicações físicas | Brochado |
| Dimensões | 19 cm |
| 225 ## - Colecção | |
| Título próprio da colecção | Bat Pat |
| Indicação de volume | 1 |
| 300 ## - Notas gerais | |
| Texto da nota | A partir dos 7 anos<br/>Literatura do fantástico |
| 606 ## - Nome comum usado como assunto | |
| ID Autoridade | 39 |
| Palavra de ordem | Literatura Infantil Italiana |
| 675 ## - CDU | |
| Notação | 821.131.1-312.9-93/PAV/TES |
| Edição | PT |
| Língua | por |
| 700 ## - Autor principal (pessoa individual) | |
| ID Autoridade | 16798 |
| Apelido | Pavanello |
| Nome | Roberto |
| 702 ## - Autor secundário (pessoa individual) | |
| ID Autoridade | 16799 |
| Apelido | Pisapia |
| Nome | Blasco |
| 702 ## - Autor secundário (pessoa individual) | |
| ID Autoridade | 16800 |
| Apelido | Zuccotti |
| Nome | Laura |
| 801 ## - Fonte de origem | |
| País | PT |
| Agência | BMMN |
| Regras de catalogação | RPC |
| 830 ## - Notas gerais do catalogador | |
| Criado por | Carlos Pinto |
| Data de criação | 12-03-2026 |
| Indexado por | Carlos Pinto |
| 990 ## - Elementos KOHA | |
| Tipo de documento | Livro |
| Situação do levantamento | Biblioteca de origem | Código de barras | Cota | Permissão de empréstimo | Tipo de documento | Forma de aquisição |
|---|---|---|---|---|---|---|
| Biblioteca Escolar Ciborro | 30477 | 821.131.1-312.9-93/PAV/TES | Livro | Oferta |